[Event "Sachsen-Anhalt-ch op"]
[Site "Magdeburg"]
[Date "2022.10.31"]
[Round "5"]
[White "Doerge, Sven"]
[Black "Kalusche, Andreas"]
[Result "1-0"]
[WhiteElo "1943"]
[BlackElo "1731"]
[PlyCount "33"]
[EventDate "2022.10.29"]
[EventType "swiss"]
[EventRounds "7"]
[EventCountry "GER"]
[SourceTitle "CBM 211 Extra"]
[Source "ChessBase"]
[SourceDate "2023.01.31"]
[SourceVersion "1"]
[SourceVersionDate "2023.01.31"]
[SourceQuality "1"]

1. d4 d5 2. e4 dxe4 3. Nc3 Nf6 4. Bg5 e6 5. Nxe4 Be7 6. Ng3 h6 7. Be3 b6 8. Bb5+ Nbd7 9. Bc6 Rb8 10. Nf3 Ba6 11. Qd2 0-0 12. Bxh6 gxh6 13. Qxh6 Ng4 14. Qh5 f5 15. Qg6+ Kh8 16. h3 Rf6 17. hxg4# 1-0

[Event "Sachsen-Anhalt-ch op"]
[Site "Magdeburg"]
[Date "2022.10.31"]
[Round "6"]
[White "Kalusche, Andreas"]
[Black "Brueckner, Julian"]
[Result "1/2-1/2"]
[WhiteElo "1731"]
[BlackElo "1088"]
[PlyCount "121"]
[EventDate "2022.10.29"]
[EventType "swiss"]
[EventRounds "7"]
[EventCountry "GER"]
[SourceTitle "CBM 211 Extra"]
[Source "ChessBase"]
[SourceDate "2023.01.31"]
[SourceVersion "1"]
[SourceVersionDate "2023.01.31"]
[SourceQuality "1"]

1. d4 d5 2. c4 e6 3. Nc3 Nf6 4. Bg5 Be7 5. Nf3 0-0 6. e3 Nbd7 7. Rc1 c6 8. Bd3 dxc4 9. Bxc4 Nd5 10. Bxe7 Qxe7 11. 0-0 Nxc3 12. Rxc3 e5 13. dxe5 Nxe5 14. Nxe5 Qxe5 15. Qe2 Bf5 16. Bd3 Rad8 17. Bxf5 Qxf5 18. Rd1 h6 19. h3 Qe6 20. b3 Rd5 21. Rxd5 Qxd5 22. Rd3 Qb5 23. Qd2 Qg5 24. Rd7 Qb5 25. Qd6 a5 26. Qc7 Qb4 27. g3 Qe4 28. Qxa5 Qb1+ 29. Kh2 Qf1 30. Qd2 Qb5 31. h4 b6 32. Kg2 Qf5 33. Rb7 b5 34. Rd7 Re8 35. Rd8 Rxd8 36. Qxd8+ Kh7 37. Qd2 c5 38. Qc3 b4 39. Qc1 Qd5+ 40. f3 Qe5 41. Qc2+ g6 42. Kf2 Qa1 43. Kg2 Qc3 44. Qe2 Qc1 45. Kh2 Qb1 46. e4 Qa1 47. f4 Qc1 48. e5 Qa1 49. h5 gxh5 50. f5 Kg8 51. e6 Kf8 52. e7+ Ke8 53. Qb5+ Kxe7 54. Qxc5+ Kf6 55. Qxb4 Qxa2+ 56. Kh3 Kxf5 57. Qf4+ Kg6 58. Qe4+ Kf6 59. Qf4+ Kg6 60. Qe4+ Kf6 61. Qf4+ 1/2-1/2